000 00646nam a2200253Ia 4500
003 OSt
005 20221005130035.0
006 a|||||r|||| 00| 0
007 ta
008 221004b |||||||| |||| 00| 0 tam d
020 _c5.00
024 _a48512
037 _cTextual
040 _aCRL
_cCRL
_btam
041 _2tam
_atam
082 _aO31,1M91:g, K5
100 _aIlanthiraiyan Saalai Au.
245 0 _aPuratchi kavijarkamthai valam
260 _c1965
650 _a TAMIL POETRY
650 _aTAMIL LITERATURE
942 _hO31,1M91:g, K5
_cTEXL
_2cc
999 _c1055894
_d1055894